Sports Quiz

Random Sports or NBA Quiz
Score 0/24 Timer 06:00
0 Plays Today
Year Player % Correct
2008Danny Granger
81.3%
2006Monta Ellis
67.5%
1986Dale Ellis
67%
2007Hedo Turkoglu
60.6%
2001Jermaine O'Neal
46.8%
1988Kevin Johnson
42.4%
2005Boris Diaw
37.9%
2000Tracy McGrady
35.5%
1992Chris Jackson
25.6%
2002Gilbert Arenas
25.6%
2003Zach Randolph
22.2%
1999Jalen Rose
21.7%
Year Player % Correct
1998Darrell Armstrong
16.7%
1990Scott Skiles
13.3%
2004Bobby Simmons
13.3%
1985Alvin Robertson
12.8%
1995Gheorghe Muresan
12.8%
1989Rony Seikaly
11.8%
1987Kevin Duckworth
10.8%
1994Dana Barros
8.9%
1997Alan Henderson
5.9%
1996Isaac Austin
4.9%
1991Pervin Ellison
4.4%
1993Don Maclean
3.9%

You're not logged in!

Compare scores with friends on all Sporcle quizzes.
OR
Log In

Sporcle TV

Today on Sporcle TV


Watch our educational content, quiz creation guides, and fun videos on Sporcle TV.

Show Comments

Extras

Top Quizzes Today


Score Distribution

Paid Content

Your Account Isn't Verified!

In order to create a playlist on Sporcle, you need to verify the email address you used during registration. Go to your Sporcle Settings to finish the process.

Report this User

Report this user for behavior that violates our Community Guidelines.

Details: